| 000 | 01002nam a2200181Ia 4500 | ||
|---|---|---|---|
| 008 | 100920s9999 xx 000 0 und d | ||
| 082 |
_b63016 _a61 थ 60 |
||
| 100 | _aसंपादक-सरदार गंगाधर बाळकृष्ण. | ||
| 245 | _aमहाराष्ट्र-जीवन परंपरा, प्रगति आणि समस्या खंड पहिला. | ||
| 260 |
_bमेसर्स जोशी आणि लोखंडे प्रकाशन, पुणे. _c1960 |
||
| 300 |
_a460 _bसाधी |
||
| 365 | _b11 | ||
| 520 | _aस्थानिक वाचन. | ||
| 630 | _aमहाराष्ट्र-जीवन परंपरा, प्रगति आणि समस्या खंड पहिला. | ||
| 650 | _aस्थानिक वाचन. | ||
| 730 | _aमहाराष्ट्र-जीवन परंपरा, प्रगति आणि समस्या खंड पहिला. | ||
| 942 | _cBOOK | ||
| 999 |
_c706102 _d706099 |
||